Đa dạng hoá thu nhập của các hộ gia đình Khmer ở vùng nông thôn đồng bằng sông Cửu Long /

Đã lưu trong:
書目詳細資料
主要作者: Diệp Thanh Tùng.
其他作者: Dương Thị Tuyết Anh., Lâm Thị Mỹ Lan., Phạm Vũ Bằng.
格式: Bài viết
語言:Vietnamese
主題:
標簽: 添加標簽
沒有標簽, 成為第一個標記此記錄!
Thư viện lưu trữ: Thư viện Trường Đại học Đà Lạt
LEADER 00950nam a2200301 4500
001 DLU180188237
005 ##20181029
040 # # |a DLU  |b vie 
041 # # |a vie 
044 # # |a vn 
100 # # |a Diệp Thanh Tùng. 
245 # # |a Đa dạng hoá thu nhập của các hộ gia đình Khmer ở vùng nông thôn đồng bằng sông Cửu Long /  |c Diệp Thanh Tùng,...[và những người khác]. 
653 # # |a Đa dạng hoá  
653 # # |a Thu nhập 
653 # # |a Tobit 
700 # # |a Dương Thị Tuyết Anh. 
700 # # |a Lâm Thị Mỹ Lan. 
700 # # |a Phạm Vũ Bằng. 
773 # # |t Nghiên cứu kinh tế  |g Số 4(467), 2017, tr. 73-79 
920 # # |a Phòng Tạp chí -- Trung tâm Thông tin - Thư viện Trường Đại học Đà Lạt 
994 # # |a DLU 
900 # # |a True 
911 # # |a Nguyễn Thị Thu Phương 
925 # # |a G 
926 # # |a A 
927 # # |a BB 
980 # # |a Thư viện Trường Đại học Đà Lạt